00681 2200193 4500001002100000005001700021008004100038035002400079040001200103082001100115090002000126100002300146245013500169260008500304300004100389504002500430650001400455990001800469YOGYA-0113000000178820130129103701.0 ind  0010-011300000001788 aYOPDYOG a332.34 aSK 332.34 Fis A aFISCA KARTIKA DEWI aAnalisis dan desain sistem administrasi barang gadai pada perum Pegadaian Cabang Tempel Yogyakarta/disusun oleh Fisca Kartika Dewi aYogyakarta :bAkademi Manajemen Informatika dan Komputer Wira Setya Mulya,c2000 axii,86,(6)lbr.:bilus.,lamp.;c29 cm aBibliografi : lbr.86 aPegadaian a43080-PD/A-12